K. Dyba odporúča devalváciu Čk Oslavy ministra hospodárstva Českej republiky

Bibliographic Details
Main Authors: Hron, Jiří (Author), Hrudková, Marcela (Author)
Format: Article
Language:Slovak
Subjects:

MARC

LEADER 00000nab a2200000 a 4500
001 vtls000488165
003 SK-MaSNL
005 20260303004255.0
008 160201c1993 xo 0 slo
015 |a SNBRB19rr/mm-uuuuu 
035 |a CL0488302 
040 |a SNKBUCL  |b slo  |c SNKBUCL  |e AACR2 
041 0 |a slo 
044 |a xo  |c SK 
080 |a 336.748.2(437.1/.2)  |2 1981 
100 1 |a Hron, Jiří  |4 aut  |9 983084 
245 1 0 |a K. Dyba odporúča devalváciu Čk  |b Oslavy ministra hospodárstva Českej republiky  |c Jiří Hron, Marcela Hrudková 
650 0 7 |a mena česká  |2 snkbucl  |9 839998 
650 0 7 |a devalvácia meny  |2 snkbucl  |9 980374 
655 7 |a články z novín a časopisov  |2 snkbucl  |9 267496 
700 1 |a Hrudková, Marcela  |4 aut  |9 889979 
773 0 |t Republika  |g Roč. 1, č. 85 (13. 7. 1993), s. 1 
850 |a Slovenská národná knižnica v Martine  |a MTA001 
852 |a SNK  |b KIS3GCP 
958 |a RK 
958 |a CZ 
992 |a RBX 
999 |c 1576921  |d 1578851